Score 0/26 Timer 04:00
0 Plays Today
Hint Answer % Correct
Political partyDemocratic
90.1%
Opponents in 1912 presidential electionTheodore Roosevelt and William H.Taft
86.6%
Year the US entered WWI1917
85.5%
Preceded byWilliam H. Taft
81.8%
Nobel Prize won in 1920Peace Prize
79.1%
Alma maters (Enter 1)College of New Jersey, University of Virginia, and Johns Hopkins
78.3%
ReligionPresbyterian
76.9%
Succeeded byWarren G. Harding
76.1%
Organization formed as part of Wilson's peace planThe League of Nations
73.7%
Was governor of this US stateNew Jersey
72.2%
Non-presidential occupationsGovernor, lawyer, author, professor, and university president
71.4%
Year died1924
70.3%
Only US President to date to hold this degreePhD
65.5%
Hint Answer % Correct
State bornVirginia
58.8%
Graced this US currency (Highest ever printed)$100,000
57.7%
Year born1856
52.5%
Second wifeEdith Bolling Galt
47.1%
Wilson's peace proposal for WWIFourteen Points
43.1%
First name at birthThomas
40.8%
Islands purchased from DenmarkDanish Virgin Islands
30.1%
Slogan for 1916 presidential electionHe Kept Us Out Of War
29.6%
First wifeEllen Louise Axson
24.6%
Vice President (Both terms)Thomas R. Marshall
21.8%
Opponent in 1916 presidential electionCharles Evans Hughes
21.4%
Children (Enter 1)Margaret, Jessie, and Eleanor
18.9%
Major banking reform lawFederal Reserve Act
18.2%
Remove Ads.
Support Sporcle.
Get the best of Sporcle when you Go Orange. This ad-free experience offers more features, more stats, and more fun while also helping to support Sporcle. Thank you for becoming a member.

You're not logged in!

Compare scores with friends on all Sporcle quizzes.
OR
Log In

Show Comments

Extras

Top Quizzes Today


Score Distribution

Your Account Isn't Verified!

In order to create a playlist on Sporcle, you need to verify the email address you used during registration. Go to your Sporcle Settings to finish the process.

Report this User

Report this user for behavior that violates our Community Guidelines.

Details: